[Event "My first play"]
[Site "http://www.queenalice.com/game.php?id=261541"]
[Date "2007.8.25"]
[Round "-"]
[White "tidresch"]
[Black "Hugohg"]
[Result "1-0"]
[WhiteElo "1570"]
[BlackElo "1100"]

1. d4 Nc6 2. d5 Ne5 3. e4 d6 4. Nc3 b6 5. h3 e6 6. dxe6 Bxe6 7. Bf4 g5 8. Bxe5
dxe5 9. Bb5+ c6 10. Bxc6+ Bd7 11. Bxa8 Qxa8 12. Nd5 Bc5 13. Nc7+ Kd8 14. Nxa8
Bd6 15. Qxd6 Ne7 16. O-O-O b5 17. Qxd7# 1-0

[Event "Challenge"]
[Site "http://www.queenalice.com/game.php?id=267486"]
[Date "2007.9.5"]
[Round "-"]
[White "tidresch"]
[Black "Pero_Motta"]
[Result "0-1"]
[WhiteElo "1550"]
[BlackElo "2118"]

1. d4 d5 2. Nc3 Nf6 3. a3 e6 4. Bg5 Be7 5. Bxf6 Bxf6 6. e3 O-O 7. Bd3 c5 8. Nge2
c4 9. Bxh7+ Kxh7 10. Ng3 Nc6 11. Nce2 e5 12. dxe5 Bxe5 13. c3 Rh8 14. Nd4 Kg8
15. Nxc6 bxc6 16. Qf3 Qb6 17. Rb1 Bxc3+ 18. Ke2 Bxb2 19. Nf5 Qb3 20. Rhd1 Qc2+
21. Rd2 Qxb1 22. Nd6 Be6 0-1

[Event "Let's Play Chess!"]
[Site "http://www.queenalice.com/game.php?id=267500"]
[Date "2007.9.5"]
[Round "-"]
[White "tidresch"]
[Black "littleBrother"]
[Result "0-1"]
[WhiteElo "1570"]
[BlackElo "1635"]

1. d4 d5 2. Nc3 Bf5 3. h3 Nf6 4. a3 e6 5. Nf3 c5 6. dxc5 Bxc5 7. Be3 Bd6 8. Bd4
Nbd7 9. e3 e5 10. Bd3 Bxd3 11. Qxd3 exd4 12. Nxd4 Ne5 13. Qb5+ Qd7 14. Qxd7+
Kxd7 15. O-O-O Rhc8 16. Nf5 Bxa3 17. bxa3 Rxc3 18. e4 Nxe4 19. Rhe1 Rxa3 20.
Rxe4 Ra1+ 21. Kd2 Rxd1+ 22. Kxd1 dxe4 23. Nxg7 Rg8 24. Nh5 Rxg2 25. Ke2 Rh2 26.
Nf4 Nc4 27. Kf1 Rh1+ 28. Kg2 Rc1 29. Nd5 Rxc2 30. Nb4 Rd2 31. Kg3 a5 32. Kf4
axb4 33. Kxe4 b3 34. f4 b2 35. h4 b1=Q+ 36. Kf3 Qd1+ 37. Ke4 Qe2+ 38. Kf5 Qe6+
39. Kg5 Qg6# 0-1

[Event "Let's Play Chess!"]
[Site "http://www.queenalice.com/game.php?id=267501"]
[Date "2007.9.5"]
[Round "-"]
[White "littleBrother"]
[Black "tidresch"]
[Result "1-0"]
[WhiteElo "1648"]
[BlackElo "1573"]

1. e4 d5 2. exd5 Qxd5 3. Nc3 Qd8 4. Bc4 a6 5. d3 Nc6 6. Nf3 Bg4 7. Bxf7+ Kxf7 8.
Ng5+ Ke8 9. Qxg4 Nf6 10. Qc4 Ne5 11. Qb3 h6 12. f4 hxg5 13. fxe5 Ng4 14. Qe6 Qd7
15. Qxd7+ Kxd7 16. d4 e6 17. Bxg5 c5 18. h3 Ne3 19. Bxe3 cxd4 20. Bxd4 Bb4 21.
O-O-O Bxc3 22. Bxc3+ Kc6 23. Rd6+ Kb5 24. Rxe6 Rhf8 25. a4+ Kc4 26. Rd1 Rad8 27.
Red6 Rxd6 28. exd6 Rd8 29. d7 Kc5 30. Bxg7 Kc6 31. Bf6 Rxd7 32. Rxd7 Kxd7 33. h4
Ke6 34. Bc3 Kf5 35. h5 Kg5 36. g4 Kxg4 37. h6 b5 38. h7 Kf3 39. h8=Q Ke2 40. Qh3
bxa4 41. Bd4 a3 42. Qe3+ Kf1 43. Qf2# 1-0

[Event "Challenge"]
[Site "http://www.queenalice.com/game.php?id=267956"]
[Date "2007.9.6"]
[Round "-"]
[White "sapo_montanna"]
[Black "tidresch"]
[Result "0-1"]
[WhiteElo "1538"]
[BlackElo "1539"]

1. e4 e5 2. Bc4 d6 3. Qf3 Nf6 4. g4 Bxg4 5. Qb3 Be6 6. Bxe6 fxe6 7. Qxe6+ Qe7 8.
Qc4 Nc6 9. a3 Nd4 10. Kd1 Nxe4 11. Qf1 Qh4 12. Qb5+ Nxb5 13. d3 Nxf2+ 14. Kd2
Nxh1 15. b4 Qf2+ 16. Ne2 Be7 17. c4 Bg5+ 18. Kc2 Qxe2+ 19. Kb3 Qxd3+ 20. Ka4
Qc2+ 21. Kxb5 a6+ 22. Ka5 b6# 0-1

[Event "Challenge"]
[Site "http://www.queenalice.com/game.php?id=270641"]
[Date "2007.9.12"]
[Round "-"]
[White "PROFALEXANDRE"]
[Black "tidresch"]
[Result "1-0"]
[WhiteElo "1539"]
[BlackElo "1574"]

1. e4 e5 2. Nf3 d6 3. h3 a6 4. Nc3 Nc6 5. Nd5 Be6 6. Bc4 b5 7. Bb3 Na5 8. d3
Nxb3 9. cxb3 c6 10. Nb4 Qb6 11. Be3 c5 12. Nd5 Bxd5 13. exd5 1-0

[Event "Challenge"]
[Site "http://www.queenalice.com/game.php?id=273864"]
[Date "2007.9.19"]
[Round "-"]
[White "filhoje"]
[Black "tidresch"]
[Result "1-0"]
[WhiteElo "1652"]
[BlackElo "1534"]

1. d4 d5 2. c4 dxc4 3. Nc3 e6 4. e4 c6 5. Bxc4 Bb4 6. Nf3 h6 7. O-O Qf6 8. a3
Ba5 9. b4 Bc7 10. Bb2 Nd7 11. Na4 b5 12. d5 e5 13. dxc6 bxc4 14. cxd7+ Bxd7 15.
Nc5 1-0

[Event "Challenge"]
[Site "http://www.queenalice.com/game.php?id=275991"]
[Date "2007.9.23"]
[Round "-"]
[White "filhoje"]
[Black "tidresch"]
[Result "1-0"]
[WhiteElo "1640"]
[BlackElo "1550"]

1. d4 d5 2. e4 dxe4 3. Nc3 Nf6 4. g3 e6 5. Bg2 Bb4 6. Bd2 Qxd4 7. Nb5 Bxd2+ 8.
Qxd2 Qxd2+ 9. Kxd2 Na6 10. Rd1 Bd7 11. c4 1-0